Nietzsche (Record no. 32757)

MARC details
000 -LEADER
campo de control de longitud fija 00648nam a2200205 i 4500
001 - NÚMERO DE CONTROL
campo de control 32757
003 - IDENTIFICADOR DE NÚMERO DE CONTROL
campo de control ES-MaACL
005 - FECHA Y HORA DE LA ÚLTIMA TRANSACCIÓN
campo de control 20230906154629.0
007 - CAMPO FIJO DE DESCRIPCIÓN FÍSICA--INFORMACIÓN GENERAL
campo de control de longitud fija t|
008 - DATOS DE LONGITUD FIJA--INFORMACIÓN GENERAL
campo de control de longitud fija 030131s1932 fr ||||1| fre d
100 1# - ENTRADA PRINCIPAL--NOMBRE DE PERSONA
Nombre de persona Bertram, Ernst.
9 (RLIN) 28489
245 10 - MENCIÓN DEL TÍTULO
Título Nietzsche
Resto del título : essai de mythologie /
Mención de responsabilidad, etc. Ernst Bertram ; traduit de l'allemand par Robert Pitrou.
260 ## - PUBLICACIÓN, DISTRIBUCIÓN, ETC.
Lugar de publicación, distribución, etc. París :
Nombre del editor, distribuidor, etc. Rieder,
Fecha de publicación, distribución, etc. 1932.
300 ## - DESCRIPCIÓN FÍSICA
Extensión 468 p. ;
Dimensiones 23 cm.
500 ## - NOTA GENERAL
Nota general Indices.
600 14 - PUNTO DE ACCESO ADICIONAL DE MATERIA--NOMBRE DE PERSONA
Nombre de persona Nietzsche, Friedrich,
Fechas asociadas al nombre 1844-1900-
Subdivisión general Crítica e interpretación
9 (RLIN) 85721
700 1# - ENTRADA AGREGADA--NOMBRE PERSONAL
Nombre de persona Pitrou, Robert.
9 (RLIN) 92421
852 ## - LOCALIZACIÓN
Ubicación ES-MaACL
Número de control de estantería L-11706
Sublocalización o colección R.113302
Holdings
Estatus retirado Estado de pérdida Estado de daño No para préstamo Biblioteca de origen Biblioteca actual Ubicación en estantería Fecha de adquisición Fuente de adquisición Total de préstamos Signatura topográfica completa Código de barras Visto por última vez Precio de reemplazo Tipo de ítem Koha
        Biblioteca del Ateneo de Madrid Biblioteca del Ateneo de Madrid Depósito 2 17/01/2008     L-11706 1033985 23/02/2023 23/02/2023 Libro impreso